Integrální počet 1

Uložené v:
Podrobná bibliografia
Hlavný autor: Jarník, Vojtěch
Médium: Kniha
Jazyk:Czech
Vydavateľské údaje: Praha Academia 1984
Vydanie:6. nezměn. vyd.
Tagy: Pridať tag
Žiadne tagy, Buďte prvý, kto otaguje tento záznam!

MARC

LEADER 00000nam a2200000 4500
001 c115367
005 20041019155201.2
041 0 |a cze 
044 |a CZ 
245 1 0 |a Integrální počet 1  |c Vojtěch Jarník 
250 |a 6. nezměn. vyd. 
264 1 |a Praha  |b Academia  |c 1984 
300 |a 243 s. 
100 1 |a Jarník, Vojtěch